01620nam a2200157 a 4500008004100000020001500041041000800056100002200064245007000086250004600156260003100202300001100233500009900244505110400343655001501447190917t2000 sp |||g |||| 001 0 spa d a844131344x aspa1 aSinoué, Gilbert 3aEl libro de zafiro.bNueva novela histórica /cGilbert Sinoué a1a ed.bTraducción Manuel Serrat Crespo aBarcelona:bPlural;c2000. a494 p. aSinoue, G. (2000). El libro de zafiro. Nueva novela histórica. (1a ed.). Barcelona : Plural. aManuela Vivero, designada por la reina Isabel para que la represente durante la celebración del auto de fe que transcurre en Toledo el 28 de abril de 1478, rompe el protocolo y huye conmocionada. Los ojos de Aben Baruel se han clavado en los suyos antes de que el hombre se encaminara, con paso firme y el asomo de una sonrisa, hacia las llamas. Esa mirada es apenas un anticipo de las aventuras que Manuela vivirá tras su encuentro con un anciano rabino, un maduro abencerraje y un joven franciscano. Ellos han sido los elegidos por Baruel para descifrar un complejo criptograma cuya resolución, solo al alcance de inteligencias tan excepcionales como las suyas, debe conducirlos al escondite de Libro de zafiro que él estudió hasta su muerte. El mensaje que figura en el libro permanece inédito, pero consta como escrito por la mano de Dios. Un texto de semejante envergadura podría poner en peligro los cimientos de la Iglesia y la casi conseguida unidad de España, o así lo creen Torquemada y la propia reina Isabel, dispuestos a lo que sea preciso para conjurar tales riesgos. aLiteratura